| 000 | 00871cam a22001691 4500 | ||
|---|---|---|---|
| 082 |
_a620.110232 _bBRO _cL-21, P-26 |
||
| 100 | 1 |
_aBrooks, Walter Henry. _940718 |
|
| 245 | 1 | 0 |
_aStrength and elasticity of materials and theory of structures. _bSolutions to examination questions of the University of London. |
| 260 |
_aLondon, _bMacdonald _c[1950-56] |
||
| 300 |
_a4 v. _bdiagrs. _c22 cm. |
||
| 500 | _aVols. 3-4 have title: Strength and elasticity of materials. | ||
| 505 | 0 | _av. 1. pt. 1. (Internal) B. SC. (Engineering) 1938-48.--v. 2. pt. 1. (External) B. SC. (Engineering) 1937-50.--v. 3. pt. 2. (Internal) B. SC. (Engineering) Papers I and II, 1940-1950.--v. 4. pt. 2. (External) B. SC. (Engineering) 1941-1952. | |
| 526 |
_a0 _b0 _c0 _d620_110232000000000_BRO |
||
| 650 | 0 |
_aEngineering _xExaminations, questions, etc. _940719 |
|
| 650 | 0 |
_aMCE _9379 |
|
| 942 |
_2ddc _cBK |
||
| 999 |
_c545025 _d545025 |
||